Терминологический русско-английский словарь по бурению

Podrobná bibliografie
Korporace: Национальный исследовательский Томский политехнический университет (ТПУ) Институт природных ресурсов (ИПР) Кафедра бурения скважин (БС), Национальный исследовательский Томский политехнический университет (ТПУ) Физико-технический институт (ФТИ) Кафедра высшей математики и математической физики (ВММФ)
Další autoři: Бер А. А. Александр Андреевич (составитель), Епихин А. В. Антон Владимирович, Бер Л. М. Людмила Михайловна, Минаев К. М. Константин Мадестович
Shrnutí:Заглавие с титульного экрана
Электронная версия печатной публикации
Словарь содержит основные термины и определения на русском и английских языках, используемые в области техники и технологии бурения скважин при выполнении производственных, научно-исследовательских работ, в научно-технической литературе, справочных изданиях и в лекционной и учебной работе. Предназначен для студентов, обучающихся в Институте природных ресурсов по направлениям 21.05.03 “Технология геологической разведки”, 21.03.01 “Нефтегазовое дело”, а также может быть полезен инженерно-техническим работникам, занятым бурение скважин.
Режим доступа: из корпоративной сети ТПУ
Jazyk:ruština
Vydáno: Томск, Изд-то ТПУ, 2017
Témata:
On-line přístup:http://www.lib.tpu.ru/fulltext2/m/2017/m067.pdf
Médium: Elektronický zdroj Kniha
KOHA link:https://koha.lib.tpu.ru/cgi-bin/koha/opac-detail.pl?biblionumber=335311

MARC

LEADER 00000nlm0a2200000 4500
001 335311
005 20240130113314.0
035 |a (RuTPU)RU\TPU\book\361676 
035 |a RU\TPU\book\361659 
090 |a 335311 
100 |a 20170920d2017 m y0rusy50 ca 
101 0 |a rus 
102 |a RU 
105 |a a e 001zy 
135 |a drcn ---uucaa 
181 0 |a i  
182 0 |a b 
200 1 |a Терминологический русско-английский словарь по бурению  |f Национальный исследовательский Томский политехнический университет (ТПУ) ; сост. А. А. Бер, А. В. Епихин, Л. М. Бер, К. М. Минаев 
203 |a Текст  |c электронный 
210 |a Томск  |c Изд-то ТПУ  |d 2017 
300 |a Заглавие с титульного экрана 
300 |a Электронная версия печатной публикации 
330 |a Словарь содержит основные термины и определения на русском и английских языках, используемые в области техники и технологии бурения скважин при выполнении производственных, научно-исследовательских работ, в научно-технической литературе, справочных изданиях и в лекционной и учебной работе. Предназначен для студентов, обучающихся в Институте природных ресурсов по направлениям 21.05.03 “Технология геологической разведки”, 21.03.01 “Нефтегазовое дело”, а также может быть полезен инженерно-техническим работникам, занятым бурение скважин. 
333 |a Режим доступа: из корпоративной сети ТПУ 
606 1 |a Английский язык  |x Терминологические словари  |2 stltpush  |3 (RuTPU)RU\TPU\subj\29063  |9 52475 
606 1 |a Буровые работы  |2 stltpush  |3 (RuTPU)RU\TPU\subj\30603  |9 53690 
610 1 |a электронный ресурс 
610 1 |a труды учёных ТПУ 
610 1 |a терминологические словари 
610 1 |a русско-английские словари 
610 1 |a термины 
610 1 |a определения 
610 1 |a бурение скважин 
610 1 |a научно-исследовательские работы 
610 1 |a научно-техническая литература 
610 1 |a справочные издания 
610 1 |a учебная работа 
610 1 |a лекционная работа 
675 |a 622.24(035)  |v 3 
686 |a Ш143.21-43  |2 rubbk 
702 1 |a Бер  |b А. А.  |c специалист в области нефтепромыслового оборудования  |c старший преподаватель Томского политехнического университета  |f 1960-  |g Александр Андреевич  |3 (RuTPU)RU\TPU\pers\35538  |4 220  |9 18720 
702 1 |a Епихин  |b А. В.  |c специалист в области нефтегазового дела  |c старший преподаватель Томского политехнического университета  |f 1988-   |g Антон Владимирович  |3 (RuTPU)RU\TPU\pers\25759  |4 220  |9 11655 
702 1 |a Бер  |b Л. М.  |c математик  |c доцент Томского политехнического университета, кандидат физико-математических наук  |f 1962-  |g Людмила Михайловна  |3 (RuTPU)RU\TPU\pers\28055  |4 220  |9 13017 
702 1 |a Минаев  |b К. М.  |c специалист в области нефтегазового дела  |c доцент Томского политехнического университета, кандидат химических наук  |f 1982-  |g Константин Мадестович  |3 (RuTPU)RU\TPU\pers\29316  |4 220  |9 13903 
712 0 2 |a Национальный исследовательский Томский политехнический университет (ТПУ)  |b Институт природных ресурсов (ИПР)  |b Кафедра бурения скважин (БС)  |3 (RuTPU)RU\TPU\col\18666 
712 0 2 |a Национальный исследовательский Томский политехнический университет (ТПУ)  |b Физико-технический институт (ФТИ)  |b Кафедра высшей математики и математической физики (ВММФ)  |3 (RuTPU)RU\TPU\col\18727 
801 1 |a RU  |b 63413507  |c 20131204 
801 2 |a RU  |b 63413507  |c 20180111  |g RCR 
856 4 |u http://www.lib.tpu.ru/fulltext2/m/2017/m067.pdf 
942 |c CF